Catálogo
 En Linea

Encuentro internacional de escritores "Pablo Neruda". /. (Registro nro. 30872)

Detalles MARC
000 -CABECERA
campo de control de longitud fija 00604nam a2200181 a 4500
001 - NÚMERO DE CONTROL
campo de control 000031380
005 - FECHA Y HORA DE LA ÚLTIMA TRANSACCIÓN
campo de control 20200930062905.0
008 - DATOS DE LONGITUD FIJA--INFORMACIÓN GENERAL
campo de control de longitud fija 110113s1984 dr 001 0 spa d
040 ## - FUENTE DE LA CATALOGACIÓN
Centro catalogador/agencia de origen DO-SdBNP
Lengua de catalogación spa
Centro/agencia transcriptor BNPHU
082 ## - NÚMERO DE LA CLASIFICACIÓN DECIMAL DEWEY
Número de clasificación xxxx
Número de documento/Ítem E56
049 ## - FONDOS LOCALES (OCLC)
Fondos de biblioteca BNPD
111 2# - ENTRADA PRINCIPAL--NOMBRE DE CONGRESO/REUNIÓN
Nombre de congreso/reunión o jurisdicción como elemento de entrada Encuentro internacional de escritores "Pablo Neruda".
Fecha del congreso/reunión (1983, sept. 5-11 :
Sede del congreso/Lugar de la reunión Santo Domingo )
9 (RLIN) 57803
245 10 - MENCIÓN DE TÍTULO
Título Encuentro internacional de escritores "Pablo Neruda". /.
260 ## - PUBLICACIÓN, DISTRIBUCIÓN, ETC.
Lugar de publicación, distribución, etc. Santo Domingo :
Nombre del editor, distribuidor, etc. UASD,
Fecha de publicación, distribución, etc. 1984.
300 ## - DESCRIPCIÓN FÍSICA
Extensión 77 p. ;
Dimensiones 28 cm.
490 1# - MENCIÓN DE SERIE
Mención de serie Arte y sociedad
Designación de volumen o secuencia 34, no. 13
830 #0 - PUNTO DE ACCESO ADICIONAL DE SERIE-TÍTULO UNIFORME
Título uniforme Arte y sociedad
Designación de volumen o secuencia 34, no. 13
9 (RLIN) 24375
Existencias
Estado de retiro Estado de pérdida No para préstamo Código de colección Localización permanente Ubicación/localización actual Ubicación en estantería Fecha de adquisición Número de inventario Total de préstamos Signatura topográfica completa Código de barras Fecha visto por última vez Precio válido a partir de Tipo de ítem Koha Nota pública
    Excluido de préstamo Patrimonio Dominicano Patrimonio Dominicano Patrimonio Dominicano En catalogación 20.06.2011 LF1   xxxx E56 31380-10 25.06.2020 25.06.2020 Libro y Folleto Colección Patrimonio Dominicano Perteneció a la biblioteca personal de Aída Cartagena Portalatín
    Excluido de préstamo Patrimonio Dominicano Patrimonio Dominicano Patrimonio Dominicano En catalogación 22.06.2011 LF1   xxxx E56 31380-20 25.06.2020 25.06.2020 Libro y Folleto Colección Patrimonio Dominicano Perteneció a la biblioteca personal de Aída Cartagena Portalatín

Con tecnología Koha